000 01120nam a2200313 a 4500
001 000110713
003 CHAP
005 20220329144144.0
008 140929s2014 mx sm |||||||spa d
010 _a107175
011 _a108147
040 _cCHAP
090 _aTesis
100 1 _aMorelos Moreno, Alvaro
_9124358
245 1 0 _aAnálisis de tracción en tractores 4x4
_h[En línea]
_cpor Alvaro morelos Moreno.
260 _aChapingo, Méx. :
_bEl autor,
_c2014.
500 _aPara ver el contenido del material haga clic en la liga
502 _aTesis (Ph. D. en Ingeniería Agrícola y Uso Integral del Agua) -- UACH. Departamento de Irrigación y Ingeniería Mecánica Agrícola
590 _aBATCH-UPD
_b05
_c20141002
_lUCH01
_h0758
590 _aE5765TAJ
_b05
_c20140929
_lUCH01
_h1130
590 _aE5765TAJ
_b05
_c20140929
_lUCH01
_h1130
650 1 4 _aMotores agrícolas.
_979096
650 1 4 _aTractores
_xPruebas.
_9114586
650 1 4 _aTransmisiones (tractores)
_9114633
856 _aFinding aid
_uhttp://10.13.5.2/tesis/sist110713.pdf
_zTeclea aquí
901 _aBK
942 _cTESIS
942 _n0
999 _c107175
_d107175